000 00631nam a2200205Ii 4500
001 5647
003 CO-ViMGA
008 241108s9999||||xx |||||||||||||| ||und||
040 _aCO-ViMGA
_bspa
_erda
_cCO-ViMGA
041 0 _aunk
082 0 4 _a843-S129
100 1 _aFrancoise Sagan
_947030
245 1 0 _aUn piano en la hierba, el caballo desvanecido y la astilla
264 1 _a[Lugar de publicación no identificado] : Plaza y Janes, 1972
300 _avolumen
336 _atext
_btxt
_2rdacontent
337 _aunmediated
_bn
_2rdamedia
338 _avolume
_bnc
_2rdacarrier
940 _aidficha_siabuc: 5501. -- ficha_no_siabuc:5647
999 _c51722
_d51722